| Record ID | marc_records_scriblio_net/part17.dat:195949600:776 |
| Source | Scriblio |
| Download Link | /show-records/marc_records_scriblio_net/part17.dat:195949600:776?format=raw |
LEADER: 00776cam 2200253 a 4500
001 85001282
003 DLC
005 20011127144734.0
008 850114t19851980nyua 000 1 eng
010 $a 85001282
020 $a0312941056 (pbk. : alk. paper) :$c$7.95
040 $aDLC$cDLC$dDLC
043 $an-us-ca
050 00 $aPS3554.I3$bD6 1985
082 00 $a813/.54$219
100 1 $aDick, Philip K.
245 10 $aDr. Bloodmoney /$cPhilip K. Dick ; afterword by James Frenkel.
250 $aBluejay special ed.
260 $aNew York, N.Y. :$bBluejay Books,$c1985 printing, c1980.
300 $a314 p. :$bill. ;$c21 cm.
651 0 $aMarin County (Calif.)$vFiction.
650 0 $aNuclear warfare$vFiction.
655 7 $aScience fiction.$2gsafd
740 0 $aDoctor Bloodmoney.